Understanding microprocessors

Enregistré dans:
Détails bibliographiques
Auteur principal: Cannon, Don L.
Format: Livre
Langue:Undetermined
Publié: Texas Radio Shack [ 2000 ]
Sujets:
Tags: Ajouter un tag
Pas de tags, Soyez le premier à ajouter un tag!
Thư viện lưu trữ: Trung tâm Học liệu Trường Đại học Cần Thơ
LEADER 00472nam a2200181Ia 4500
001 CTU_82690
008 210402s9999 xx 000 0 und d
082 |a 001.6 
082 |b C226 
100 |a Cannon, Don L. 
245 0 |a Understanding microprocessors 
245 0 |c Don L. Cannon 
260 |a Texas 
260 |b Radio Shack 
260 |c [ 2000 ] 
650 |a Microprocessors 
904 |i QHieu(sửa) 
980 |a Trung tâm Học liệu Trường Đại học Cần Thơ